| 000 | 00735nam a22002297a 4500 | ||
|---|---|---|---|
| 003 | UA-OsUOA | ||
| 001 | 117672 | ||
| 007 | ta | ||
| 008 | 20160607b un ||||| |||| 00| 0 ukr d | ||
| 090 |
_a340.5(082) _bФ68 |
||
| 942 | _cBK | ||
| 040 |
_aUA-OsUOA _bukr _cUA-OsUOA _dUA-OsUOA |
||
| 245 |
_aФілософія порівняльного правознавства _bзбірник наукових праць |
||
| 300 | _a540 с. | ||
| 955 | _a1 | ||
| 041 | _aukr | ||
| 080 | _a340.5(082) | ||
| 020 | _a978-966-397-251-0 | ||
| 260 |
_aК. _bЛіга-прес _c2015 |
||
| 650 | 7 |
_a340 Право в цілому. Пропедевтика. Методи та допоміжні правничі науки _2UDC |
|
| 999 |
_c403713 _d403713 |
||